The demand for money : theories and evidence /

Saved in:
Bibliographic Details
Main Author: Laidler, David E. W., 1938-
Format: Book
Language:English
Published: New York : Dun-Donnelley, c1977.
Edition:2d ed.
Subjects:
LEADER 01089nam a2200313 a 4500
001 c000330785
003 CARM
005 20001009210521.0
008 770223s1977 nyua b 001 0 eng
010 |a 77002133 //r85 
019 1 |a 856302  |z 23868597  |5 LACONCORD2021 
020 |a 0912212071 
035 |a (OCoLC)2818326  |5 LACONCORD2021 
040 |a LC  |b eng  |c LC  |d VMOU 
050 4 |a HG221  |b .L24 
050 0 0 |a HG221  |b .L24 1977 
082 0 4 |a 332.4/01 
100 1 |a Laidler, David E. W.,  |d 1938- 
245 1 4 |a The demand for money :  |b theories and evidence /  |c David E. W. Laidler. 
250 |a 2d ed. 
260 |a New York :  |b Dun-Donnelley,  |c c1977. 
300 |a x, 182 p. :  |b ill. ;  |c 23 cm. 
500 |a Includes index. 
504 |a Bibliography: p. 171-177. 
650 0 |a Demand for money. 
650 0 |a Demand for money  |x Mathematical models. 
852 8 |b CARM  |h A1:AL06B0  |i B09873  |p 0443329  |f BK 
999 f f |i 28cbf123-860f-5f5c-9656-f16875382f5b  |s 4e2e17ca-a089-5526-84e7-dbb50902f41b 
952 f f |p Can circulate  |a CAVAL  |b CAVAL  |c CAVAL  |d CARM 1 Store  |e B09873  |f A1:AL06B0  |h Other scheme  |i book  |m 0443329